[Event "L.Rudenko Memorial 2011"]
[Site "St. Petersburg"]
[Date "2011.08.25"]
[Round "3"]
[White "Stjazhkina, Olga"]
[Black "Korchagina, Viktoria"]
[Result "1-0"]
[WhiteElo "2247"]
[BlackElo "2109"]
[PlyCount "37"]
[EventDate "2011.08.23"]

1. e4 c5 2. Ne2 Nc6 3. d4 cxd4 4. Nxd4 Nf6 5. Nc3 d6 6. Bg5 h6 7. Bh4 Qb6 8.
Nb3 g5 9. Bg3 Bg7 10. Be2 Bd7 11. Qd2 O-O-O 12. f3 Na5 13. Bf2 Nxb3 14. axb3
Qc7 15. Rxa7 Bc6 16. b4 Be8 17. Ra8+ Kd7 18. Bb5+ Ke6 19. Nd5 1-0

[Event "L.Rudenko Memorial 2011"]
[Site "St. Petersburg"]
[Date "2011.08.25"]
[Round "3"]
[White "Savrova, Lidia"]
[Black "Eidelson, Rakhil"]
[Result "0-1"]
[WhiteElo "1591"]
[BlackElo "2242"]
[PlyCount "46"]
[EventDate "2011.08.23"]

1. d4 Nf6 2. e3 g6 3. Bd3 Bg7 4. Nd2 d6 5. f4 e5 6. fxe5 dxe5 7. dxe5 Ng4 8.
Ndf3 Nc6 9. h3 Ngxe5 10. Be2 Qe7 11. c3 O-O 12. Qc2 Bf5 13. Qa4 Nd3+ 14. Bxd3
Bxd3 15. Kf2 Rfe8 16. Bd2 Rad8 17. Qh4 Bf6 18. Qf4 Be4 19. h4 Ne5 20. Rd1 Nd3+
21. Kf1 Nxf4 22. exf4 Bxf3 23. gxf3 Rxd2 0-1

[Event "L.Rudenko Memorial 2011"]
[Site "St. Petersburg"]
[Date "2011.08.25"]
[Round "3"]
[White "Petrochenko, Maria"]
[Black "Baraeva, Irina"]
[Result "0-1"]
[WhiteElo "1491"]
[BlackElo "2204"]
[PlyCount "164"]
[EventDate "2011.08.23"]

1. d4 d5 2. c4 c6 3. Nf3 Nf6 4. Qc2 dxc4 5. Qxc4 Bg4 6. Nbd2 e6 7. g3 Nbd7 8.
Bg2 Be7 9. O-O O-O 10. Ne5 Bh5 11. Ndf3 Nb6 12. Qc2 Rc8 13. Qb3 Nfd5 14. Nc4
Nxc4 15. Qxc4 Nb6 16. Qd3 f6 17. Rd1 Qd7 18. b3 Rfd8 19. Bb2 Bg6 20. e4 c5 21.
Qe2 c4 22. Rac1 cxb3 23. axb3 a5 24. Bh3 Rxc1 25. Rxc1 Bf7 26. Bf1 a4 27. bxa4
Nxa4 28. Ba1 Be8 29. Qc4 b5 30. Qb3 b4 31. Bh3 Bf7 32. d5 Nc5 33. Qe3 Qd6 34.
Bd4 Nb7 35. dxe6 Bxe6 36. Bxe6+ Qxe6 37. Rb1 Nd6 38. Nd2 Nb5 39. Ba1 Kh8 40.
Nb3 h6 41. Bb2 Qa6 42. Ra1 Qe6 43. Rb1 Qg4 44. Nd2 Rc8 45. Qd3 Nc3 46. Bxc3
bxc3 47. Nf3 Ba3 48. Ne1 Qe6 49. Nc2 Bb2 50. Rd1 Re8 51. f3 Ra8 52. Qd5 Qb6+
53. Kg2 Re8 54. Qf7 Rg8 55. Qd5 Qa6 56. Kf2 Qa4 57. Qd3 Qb3 58. Nd4 Qb6 59. Kg2
Rd8 60. Qe3 Qd6 61. Qe2 c2 62. Qxc2 Bxd4 63. Qc4 Qb6 64. Qd3 Qb4 65. Qc2 Rb8
66. Qc7 Qb2+ 67. Kh3 Qb6 68. Qc4 Be5 69. Qe2 Qe6+ 70. Kg2 Kh7 71. Rd2 Rb1 72.
Qf2 Bc7 73. Qe2 Bb6 74. Rd1 Rxd1 75. Qxd1 Qa2+ 76. Kh3 Qf2 77. Qh1 Qe2 78. Qb1
Bc7 79. Qh1 Kg6 80. Qc1 Be5 81. Qh1 Kh5 82. Qc1 g5 0-1

[Event "L.Rudenko Memorial 2011"]
[Site "St. Petersburg"]
[Date "2011.08.25"]
[Round "3"]
[White "Baraeva, Marina"]
[Black "Kostitsina, Liubov"]
[Result "0-1"]
[WhiteElo "2197"]
[BlackElo "2017"]
[PlyCount "68"]
[EventDate "2011.08.23"]

1. d4 Nf6 2. c4 g6 3. Nc3 Bg7 4. e4 d6 5. Be2 O-O 6. Nf3 e5 7. O-O Nc6 8. d5
Ne7 9. Ne1 Nd7 10. Be3 f5 11. f3 f4 12. Bf2 g5 13. Rc1 b6 14. b4 h5 15. c5 bxc5
16. bxc5 a6 17. Nd3 Nf6 18. Qb3 Ne8 19. cxd6 cxd6 20. Bb6 Qd7 21. Nc5 dxc5 22.
d6+ Kh8 23. dxe7 Qxe7 24. Nd5 Qf7 25. Bxc5 Be6 26. Bxf8 Bxf8 27. Rfd1 g4 28.
Qc3 Qg7 29. Nc7 Rc8 30. Qc6 Nxc7 31. Bxa6 gxf3 32. g3 fxg3 33. h3 Bxh3 34. Bf1
f2+ 0-1

[Event "L.Rudenko Memorial 2011"]
[Site "St. Petersburg"]
[Date "2011.08.25"]
[Round "3"]
[White "Tskhadadze, Anna"]
[Black "Manina, Ksenia"]
[Result "1-0"]
[WhiteElo "1761"]
[BlackElo "2003"]
[PlyCount "97"]
[EventDate "2011.08.23"]

1. Nf3 Nf6 2. g3 g6 3. Bg2 Bg7 4. O-O O-O 5. d4 d6 6. c4 Nbd7 7. Nc3 e5 8. d5
a5 9. Nd2 Ne8 10. h4 f5 11. h5 g5 12. Nf3 h6 13. Nh2 Nef6 14. e4 f4 15. gxf4
gxf4 16. Kh1 Nh7 17. Bh3 Ndf6 18. Bxc8 Qxc8 19. Rg1 Qh3 20. Qf3 Qxf3+ 21. Nxf3
Nxh5 22. Nh4 Ng5 23. Nf5 Kh7 24. Kg2 Rf7 25. Rh1 Nf6 26. f3 Ng8 27. Nb5 Rd8 28.
Bd2 b6 29. Na7 Rdd7 30. Nc6 Bf8 31. Rh2 Kg6 32. Rah1 Rh7 33. Be1 h5 34. Bh4
Rdf7 35. Nd8 Nh6 36. Nxh6 Bxh6 37. Nxf7 Kxf7 38. Bxg5 Bxg5 39. Rxh5 Rxh5 40.
Rxh5 Bf6 41. Kh3 Kg6 42. Kg4 Bg7 43. b3 Bf8 44. a3 Bg7 45. b4 axb4 46. axb4 Bf6
47. Rh1 Kf7 48. Kf5 Bg7 49. Rh7 1-0

[Event "L.Rudenko Memorial 2011"]
[Site "St. Petersburg"]
[Date "2011.08.25"]
[Round "3"]
[White "Elizarova, Taisia"]
[Black "Azimova, Karina"]
[Result "0-1"]
[WhiteElo "1662"]
[BlackElo "2067"]
[PlyCount "64"]
[EventDate "2011.08.23"]

1. d4 d5 2. c4 c6 3. Nf3 Nf6 4. Qc2 g6 5. g3 Bg7 6. Bg2 O-O 7. O-O Nbd7 8. b3
Nb6 9. Bb2 Bf5 10. Qc1 dxc4 11. bxc4 Na4 12. Nc3 Nxb2 13. Qxb2 Qc7 14. Rad1
Rad8 15. Rfe1 Ne4 16. e3 Nxc3 17. Qxc3 Be4 18. Qb3 c5 19. d5 Rd6 20. a4 Rb6 21.
Qa3 Rb4 22. Re2 Rxc4 23. Red2 Rd8 24. Qa2 Rb4 25. a5 Rd6 26. Qa3 Ra6 27. Ng5
Bxg2 28. Kxg2 h6 29. Nf3 Rxa5 30. Qd3 Qd6 31. e4 Raa4 32. Rc2 Rxe4 0-1

[Event "L.Rudenko Memorial 2011"]
[Site "St. Petersburg"]
[Date "2011.08.25"]
[Round "3"]
[White "Vronskaya, Anna"]
[Black "Botalova, Yulia"]
[Result "1/2-1/2"]
[WhiteElo "1864"]
[BlackElo "1969"]
[PlyCount "80"]
[EventDate "2011.08.23"]

1. d4 d5 2. c4 e6 3. Nc3 Nf6 4. Bg5 Nbd7 5. Nf3 Be7 6. Qc2 O-O 7. e3 c6 8. Rd1
a6 9. h3 dxc4 10. Bxc4 Nd5 11. Bxe7 Qxe7 12. O-O Nxc3 13. Qxc3 b5 14. Bd3 Bb7
15. b4 Nb6 16. a3 Nd5 17. Qc2 h6 18. e4 Nf4 19. Qd2 Nxd3 20. Qxd3 a5 21. Qc3
axb4 22. axb4 Ra4 23. Qc5 Qxc5 24. bxc5 Rd8 25. Ra1 Rda8 26. Rad1 b4 27. Rb1
Ba6 28. Rfe1 Bd3 29. Rb2 f6 30. Re3 Ba6 31. g4 Rb8 32. Nd2 Rb7 33. Reb3 Kh7 34.
Kg2 Kg6 35. f4 Ra3 36. Kf2 Ra4 37. Kg2 Be2 38. Re3 Ba6 39. Reb3 Kf7 40. Kf2 Ke7
1/2-1/2

[Event "L.Rudenko Memorial 2011"]
[Site "St. Petersburg"]
[Date "2011.08.25"]
[Round "3"]
[White "Kiseleva, Arina"]
[Black "Markelova, Lubov"]
[Result "1-0"]
[WhiteElo "1846"]
[BlackElo "2074"]
[PlyCount "53"]
[EventDate "2011.08.23"]

1. d4 d5 2. Nf3 Nf6 3. c4 c6 4. Qc2 g6 5. Bf4 Bg7 6. e3 O-O 7. Nc3 Na6 8. Qb3
c5 9. cxd5 cxd4 10. exd4 Qa5 11. Bc4 Nb4 12. a3 Nfxd5 13. Bd2 Nb6 14. Ne2 Bg4
15. Bxb4 Qf5 16. Bd3 Qd7 17. Ne5 Bxe5 18. dxe5 Be6 19. Qc2 a5 20. Bc3 a4 21.
O-O Bb3 22. Qd2 Rfd8 23. Nd4 Nd5 24. Nxb3 axb3 25. Bc4 Nxc3 26. Qxc3 Qf5 27.
Qxb3 1-0

[Event "L.Rudenko Memorial 2011"]
[Site "St. Petersburg"]
[Date "2011.08.25"]
[Round "3"]
[White "Chernyak, Viktoria"]
[Black "Butneva, Larisa"]
[Result "1-0"]
[WhiteElo "1768"]
[BlackElo "1868"]
[PlyCount "81"]
[EventDate "2011.08.23"]

1. e4 d5 2. exd5 Qxd5 3. Nf3 Nf6 4. Be2 a6 5. a4 Nc6 6. d4 Bg4 7. O-O e6 8. Be3
h6 9. c4 Qh5 10. h3 Bxh3 11. gxh3 Qxh3 12. Ne5 Bd6 13. Bf4 O-O-O 14. Ra3 Bxa3
15. Nxc6 bxc6 16. Nxa3 c5 17. Qe1 Rxd4 18. Bg3 Ne4 19. Be5 Rd7 20. Qa5 Kb7 21.
Nb5 Rc8 22. b4 f6 23. bxc5 Nxc5 24. Rb1 fxe5 25. Nd6+ Kc6 26. Nxc8 Rd4 27. Rb5
Nb3 28. Qxa6+ Kd7 29. Qb7 Nd2 30. Nb6+ Ke7 31. Qxc7+ Ke8 32. Qc6+ Kf7 33. Qg2
Qc3 34. Qg3 Qa1+ 35. Kg2 Rf4 36. Nd7 Rf5 37. Nxe5+ Ke8 38. Rb8+ Ke7 39. Qxg7+
Kd6 40. Rb6+ Kc5 41. Nd7# 1-0

[Event "L.Rudenko Memorial 2011"]
[Site "St. Petersburg"]
[Date "2011.08.25"]
[Round "3"]
[White "Maidanova, Irina"]
[Black "Sundukova, Ksenia"]
[Result "0-1"]
[WhiteElo "1861"]
[BlackElo "1755"]
[PlyCount "88"]
[EventDate "2011.08.23"]

1. e4 e5 2. Nf3 Nc6 3. Bb5 a6 4. Ba4 d6 5. c3 Bd7 6. O-O g6 7. Re1 Bg7 8. d4
Nge7 9. Be3 O-O 10. Nbd2 h6 11. d5 Nb8 12. c4 Bxa4 13. Qxa4 Nd7 14. b4 b6 15.
c5 f5 16. cxd6 cxd6 17. exf5 gxf5 18. g3 Kh7 19. b5 Nxd5 20. Nc4 Nxe3 21. fxe3
Nc5 22. Qd1 axb5 23. Nb2 e4 24. Nd4 Qd7 25. Rf1 Ne6 26. Qd2 Nxd4 27. exd4 Qe6
28. Nd1 Qc4 29. Ne3 Qxd4 30. Rad1 Qc5 31. Rc1 Qe5 32. Kh1 f4 33. gxf4 Rxf4 34.
Rxf4 Qxf4 35. Rf1 Qe5 36. Qg2 d5 37. Rg1 Ra7 38. Qg6+ Kg8 39. Nf5 Kf8 40. Rf1
Rf7 41. Qg4 d4 42. Qh3 Qe6 43. Qg4 e3 44. Nxe3 Rxf1+ 0-1

[Event "L.Rudenko Memorial 2011"]
[Site "St. Petersburg"]
[Date "2011.08.26"]
[Round "4"]
[White "Trapeznikova, Darya"]
[Black "Romanko, Marina"]
[Result "1-0"]
[WhiteElo "1979"]
[BlackElo "2402"]
[PlyCount "95"]
[EventDate "2011.08.23"]

1. Nf3 d5 2. d4 Nf6 3. c4 c6 4. e3 Bf5 5. Nc3 e6 6. Nh4 Be4 7. f3 Bg6 8. Nxg6
hxg6 9. Qb3 Qb6 10. c5 Qc7 11. Bd2 b6 12. cxb6 axb6 13. e4 Nfd7 14. exd5 exd5
15. O-O-O Rxh2 16. Rxh2 Qxh2 17. Re1+ Kd8 18. Nxd5 cxd5 19. Qxd5 Ra7 20. Qxf7
Bd6 21. Bb5 Rc7+ 22. Kb1 Rc6 23. Bxc6 Nxc6 24. Qe8+ Kc7 25. Rc1 Qh5 26. Qe4 Qb5
27. a4 Qxa4 28. d5 Qxe4+ 29. fxe4 Nc5 30. b4 Nxe4 31. Rxc6+ Kd7 32. Be1 Nf6 33.
Rxb6 Nxd5 34. Rb7+ Bc7 35. Bg3 Kc6 36. Rxc7+ Nxc7 37. Bxc7 Kxc7 38. Kc2 Kc6 39.
Kc3 Kb5 40. g4 g5 41. Kb3 Kb6 42. Kc4 Kc6 43. b5+ Kb6 44. Kb4 Kb7 45. Kc5 Kc7
46. Kd5 Kb6 47. Ke6 Kxb5 48. Kf7 1-0

[Event "L.Rudenko Memorial 2011"]
[Site "St. Petersburg"]
[Date "2011.08.26"]
[Round "4"]
[White "Molchanova, Tatjana"]
[Black "Doluhanova, Evgeniya"]
[Result "0-1"]
[WhiteElo "2346"]
[BlackElo "2227"]
[PlyCount "78"]
[EventDate "2011.08.23"]

1. d4 d5 2. Nf3 Nf6 3. c4 c6 4. Qc2 g6 5. Bf4 Bg7 6. e3 Bf5 7. Qb3 Qb6 8. c5
Qxb3 9. axb3 Nbd7 10. h3 Bxb1 11. Rxb1 Ne4 12. b4 f5 13. Bd3 h6 14. h4 Kf7 15.
Ke2 Rhe8 16. Ne5+ Nxe5 17. dxe5 g5 18. Bh2 gxh4 19. Bf4 Ke6 20. Rxh4 Bxe5 21.
Rxh6+ Bf6 22. f3 Rg8 23. g4 Kd7 24. Rg1 a5 25. Bb1 axb4 26. fxe4 fxe4 27. b3
Ra3 28. Bc2 Ra2 29. Kd2 Bc3+ 30. Kc1 Rga8 31. Bb1 Rb2 32. Rh2 Rxb1+ 33. Kxb1
Ra1+ 34. Kc2 Rxg1 35. g5 e5 36. Rh7+ Ke8 37. Bh2 Rxg5 38. Kd1 Rg2 39. Rh5 Kf7
0-1

[Event "L.Rudenko Memorial 2011"]
[Site "St. Petersburg"]
[Date "2011.08.26"]
[Round "4"]
[White "Goryachkina, Aleksandra"]
[Black "Travkina, Anastasia"]
[Result "1-0"]
[WhiteElo "2153"]
[BlackElo "2176"]
[PlyCount "125"]
[EventDate "2011.08.23"]

1. d4 Nf6 2. c4 e6 3. g3 d5 4. Bg2 Bb4+ 5. Nd2 O-O 6. Ngf3 Be7 7. O-O Nbd7 8.
Qc2 c6 9. e4 b6 10. e5 Ne8 11. cxd5 cxd5 12. Re1 Bb7 13. Bf1 Qc8 14. Qb3 Ba6
15. Bh3 b5 16. Nf1 Qd8 17. Ne3 Nb6 18. Bf1 Nc7 19. Bd3 Nc4 20. Qc2 g6 21. Ng4
b4 22. Qe2 Bb7 23. h4 h5 24. Ngh2 Ne8 25. b3 Nb6 26. Qe3 Ng7 27. Qh6 Nd7 28.
Bg5 Re8 29. g4 Nf8 30. gxh5 Nxh5 31. Ng4 Bxg5 32. Nxg5 Qe7 33. Re3 f5 34. exf6
Nxf6 35. Nxf6+ Qxf6 36. Rf3 Qh8 37. Rxf8+ Rxf8 38. Qxg6+ Qg7 39. Qxg7+ Kxg7 40.
Nxe6+ Kh6 41. Nxf8 Rxf8 42. Re1 Bc8 43. Re7 Kh5 44. Rh7+ Kg4 45. h5 Kf3 46. h6
Bf5 47. Bxf5 Rxf5 48. Rxa7 Rg5+ 49. Kf1 Rh5 50. Rf7+ Ke4 51. h7 Kxd4 52. Ke2
Kc3 53. Rc7+ Kd4 54. Kd2 Ke4 55. Rb7 Rh2 56. Rxb4+ d4 57. Ke2 Rxh7 58. f3+ Ke5
59. Kd3 Rh2 60. a4 Rh3 61. Rb5+ Kd6 62. Rf5 Ke6 63. Rf4 1-0

[Event "L.Rudenko Memorial 2011"]
[Site "St. Petersburg"]
[Date "2011.08.26"]
[Round "4"]
[White "Styazhkina, Anna"]
[Black "Bivol, Alina"]
[Result "0-1"]
[WhiteElo "2039"]
[BlackElo "2171"]
[PlyCount "72"]
[EventDate "2011.08.23"]

1. e4 e6 2. d4 d5 3. e5 c5 4. c3 Nc6 5. Nf3 Bd7 6. Be2 Rc8 7. O-O Nge7 8. dxc5
Ng6 9. Be3 Ncxe5 10. Nxe5 Nxe5 11. f4 Nc4 12. Bxc4 dxc4 13. Nd2 Bxc5 14. Nxc4
Bb5 15. Bxc5 Bxc4 16. Qxd8+ Rxd8 17. Rf2 b6 18. Ba3 f6 19. b3 Ba6 20. c4 Kf7
21. Re1 Rd3 22. c5 Rhd8 23. h3 Rd2 24. cxb6 axb6 25. Bc1 Rd1 26. Rff1 Bxf1 27.
Kxf1 b5 28. Ke2 Rxe1+ 29. Kxe1 b4 30. Bd2 Ra8 31. Bxb4 Rxa2 32. Bd2 e5 33. fxe5
fxe5 34. Ke2 Ke6 35. b4 Kd5 36. Kd3 e4+ 0-1

[Event "L.Rudenko Memorial 2011"]
[Site "St. Petersburg"]
[Date "2011.08.26"]
[Round "4"]
[White "Galojan, Lilit"]
[Black "Baraeva, Irina"]
[Result "1-0"]
[WhiteElo "2389"]
[BlackElo "2204"]
[PlyCount "133"]
[EventDate "2011.08.23"]

1. Nf3 d5 2. c4 c6 3. d4 Nf6 4. e3 Bg4 5. Nc3 e6 6. h3 Bxf3 7. Qxf3 Nbd7 8. Bd3
Bd6 9. cxd5 exd5 10. g4 h6 11. Bd2 Qe7 12. O-O-O O-O-O 13. Qg2 Nb6 14. Kb1 Kb8
15. f3 Bc7 16. Rhe1 Rhe8 17. Bc1 Rd7 18. Qf2 Qd8 19. Bf5 Rde7 20. Bd3 Rd7 21.
h4 Ka8 22. Rh1 Ng8 23. h5 Ne7 24. Rhg1 Nec8 25. Bf5 Rde7 26. e4 dxe4 27. fxe4
f6 28. Bg6 Rf8 29. Rge1 a6 30. Qc2 Nd6 31. e5 Nb5 32. Nxb5 axb5 33. Qc5 Nd5 34.
Qa3+ Kb8 35. exf6 Rxe1 36. Rxe1 Qxf6 37. Re6 Qf1 38. Bf5 b4 39. Qd3 Qxd3+ 40.
Bxd3 Ka7 41. Bc4 Nb6 42. Bb3 Bd8 43. Bd2 Rf1+ 44. Re1 Rxe1+ 45. Bxe1 Bf6 46.
Bf2 Ka6 47. Kc2 Kb5 48. Kd3 Na4 49. Bc4+ Ka5 50. Kc2 Nb6 51. Be6 Kb5 52. Kd3
Na4 53. b3 Nc3 54. a4+ Ka5 55. Bg3 Be7 56. Bc7+ Ka6 57. Bc4+ b5 58. axb5+ Nxb5
59. Be5 Bf8 60. Ke4 Kb6 61. Bxb5 Kxb5 62. Kf5 c5 63. dxc5 Kxc5 64. Ke6 Kc6 65.
Kf7 Bc5 66. Bxg7 Be3 67. Kg6 1-0

[Event "L.Rudenko Memorial 2011"]
[Site "St. Petersburg"]
[Date "2011.08.26"]
[Round "4"]
[White "Tomilova, Elena"]
[Black "Shaydullina, Sandugach"]
[Result "0-1"]
[WhiteElo "2317"]
[BlackElo "2158"]
[PlyCount "92"]
[EventDate "2011.08.23"]

1. g3 e5 2. c4 Nf6 3. Bg2 c6 4. Nc3 d5 5. cxd5 cxd5 6. Qb3 Nc6 7. Nxd5 Nd4 8.
Qc4 Nxd5 9. Bxd5 Be6 10. Bxe6 fxe6 11. Kf1 Rc8 12. Qd3 Qd5 13. e4 Qa5 14. Nf3
Nc2 15. Rb1 Nb4 16. Qb3 Qa6+ 17. Kg2 Nd3 18. a3 Be7 19. Qd1 Qc4 20. b4 Qxe4 21.
Qa4+ Rc6 22. Qxa7 O-O 23. Qe3 Nf4+ 24. gxf4 Qg6+ 25. Ng5 Qxb1 26. Qxe5 Bxg5 27.
Bb2 Qg6 28. fxg5 Rc4 29. Bd4 Rd8 30. Be3 Re4 31. Qg3 h5 32. h3 Rc4 33. Re1 h4
34. Qe5 Re4 35. Qc7 Rd5 36. f4 Rxe3 37. Rxe3 Rxd2+ 38. Kf3 Qh5+ 39. Ke4 Qg6+
40. Kf3 Qh5+ 41. Ke4 Qd1 42. Qc8+ Kf7 43. g6+ Kf6 44. Qf8+ Kxg6 45. f5+ Kh7 46.
Ke5 Rd8 0-1

[Event "L.Rudenko Memorial 2011"]
[Site "St. Petersburg"]
[Date "2011.08.26"]
[Round "4"]
[White "Butuc, Maria"]
[Black "Severiukhina, Zoja"]
[Result "0-1"]
[WhiteElo "2172"]
[BlackElo "2270"]
[PlyCount "164"]
[EventDate "2011.08.23"]

1. Nf3 Nf6 2. c4 g6 3. Nc3 Bg7 4. g3 O-O 5. Bg2 d5 6. cxd5 Nxd5 7. O-O Nc6 8.
d4 Nb6 9. e3 Re8 10. b3 a5 11. Bb2 Bd7 12. d5 Nb4 13. e4 e6 14. a3 Na6 15. Qc2
a4 16. b4 Nc4 17. dxe6 Rxe6 18. Rad1 Nxb2 19. Qxb2 Qe8 20. Qd2 Bc6 21. Nd4 Rd6
22. Qe3 Bd7 23. Nde2 Rxd1 24. Rxd1 c5 25. bxc5 Rc8 26. c6 Bxc6 27. Qb6 Qe7 28.
e5 Bxe5 29. Bxc6 Rxc6 30. Qd8+ Qxd8 31. Rxd8+ Kg7 32. Nxa4 Rc4 33. Nb6 Rc2 34.
Kf1 Bc7 35. Rc8 Ra2 36. Nd5 Bd6 37. Nec3 Rxa3 38. Nb5 Ra1+ 39. Kg2 Be5 40. Re8
Ra5 41. Nbc3 Bd4 42. Re4 Bc5 43. Re8 Nb4 44. Ne3 Bd4 45. Ne2 Re5 46. Rxe5 Bxe5
47. Nc4 Kf6 48. f4 Ba1 49. f5 Nd5 50. Kf3 gxf5 51. Nc1 b5 52. Nd6 b4 53. Nb3
Be5 54. Nc4 Bc7 55. Nc5 h5 56. h3 Ke7 57. Kf2 f6 58. Kf3 Bb8 59. Nb3 Ba7 60.
Nc1 Kd7 61. Nd3 Kc6 62. g4 fxg4+ 63. hxg4 h4 64. g5 fxg5 65. Nce5+ Kb5 66. Kg4
Be3 67. Nf3 Kc4 68. Nb2+ Kb3 69. Nd3 Nf6+ 70. Kf5 h3 71. Nh2 Nd5 72. Ke4 Bf4
73. Nf1 Nc3+ 74. Kf3 Bd6 75. Ne1 Kc4 76. Ne3+ Kb5 77. Nd3 b3 78. Nb2 Bf4 79.
Ng4 Na4 80. Nd1 b2 81. Nxb2 Nxb2 82. Nf2 h2 0-1

[Event "L.Rudenko Memorial 2011"]
[Site "St. Petersburg"]
[Date "2011.08.26"]
[Round "4"]
[White "Kostitsina, Liubov"]
[Black "Stjazhkina, Olga"]
[Result "1/2-1/2"]
[WhiteElo "2017"]
[BlackElo "2247"]
[PlyCount "70"]
[EventDate "2011.08.23"]

1. e4 e5 2. Nf3 Nf6 3. Nxe5 d6 4. Nf3 Nxe4 5. Nc3 Nxc3 6. dxc3 Be7 7. Bf4 Nc6
8. Qd2 Bg4 9. Be2 Qd7 10. O-O-O a6 11. h3 Be6 12. Ng5 Bxg5 13. Bxg5 f6 14. Be3
O-O-O 15. f4 Rhe8 16. Rhe1 Bf5 17. c4 Be4 18. Bf1 d5 19. cxd5 Qxd5 20. Qxd5
Bxd5 21. b3 Be4 22. Bc5 f5 23. Kb2 Kb8 24. a3 b6 25. Bf2 Kb7 26. c4 h6 27. Kc3
g5 28. Rxd8 Rxd8 29. fxg5 hxg5 30. Be3 Rg8 31. g3 Ne5 32. Rd1 Bf3 33. Rd2 Be4
34. Rd1 Bf3 35. Rd2 Be4 1/2-1/2

[Event "L.Rudenko Memorial 2011"]
[Site "St. Petersburg"]
[Date "2011.08.26"]
[Round "4"]
[White "Eidelson, Rakhil"]
[Black "Kostrikina, Anna"]
[Result "1-0"]
[WhiteElo "2242"]
[BlackElo "2079"]
[PlyCount "65"]
[EventDate "2011.08.23"]

1. Nf3 c5 2. e4 d6 3. Bc4 Nf6 4. d3 e6 5. O-O Be7 6. c3 O-O 7. Bb3 Nc6 8. Re1
b6 9. Nbd2 Ba6 10. Nf1 Rc8 11. Ng3 d5 12. e5 Nd7 13. Bc2 b5 14. a3 Bb7 15. d4
b4 16. axb4 cxb4 17. Qd3 g6 18. Bh6 Re8 19. Qe3 bxc3 20. bxc3 Bf8 21. Bxf8 Nxf8
22. Qh6 Rc7 23. Re3 f5 24. exf6 Qxf6 25. Nh5 Qh8 26. Qg5 Rf7 27. Ne5 Nxe5 28.
dxe5 Ra8 29. Rh3 h6 30. Nf6+ Kg7 31. Qg4 Rxf6 32. exf6+ Kxf6 33. Rf3+ 1-0

[Event "L.Rudenko Memorial 2011"]
[Site "St. Petersburg"]
[Date "2011.08.26"]
[Round "4"]
[White "Shulakova, Svetlana"]
[Black "Grebennikova, Tatyana"]
[Result "1-0"]
[WhiteElo "2177"]
[BlackElo "2009"]
[PlyCount "107"]
[EventDate "2011.08.23"]

1. d4 d6 2. c4 e5 3. dxe5 dxe5 4. Qxd8+ Kxd8 5. Nf3 f6 6. e4 c6 7. Be3 Na6 8.
Nc3 Be6 9. O-O-O+ Kc7 10. Be2 Nh6 11. h3 Nf7 12. a3 Nc5 13. b4 Nd7 14. Kb2 a5
15. c5 Be7 16. Nd5+ cxd5 17. exd5 Bf5 18. g4 Be4 19. d6+ Nxd6 20. cxd6+ Bxd6
21. Rd2 axb4 22. Rhd1 bxa3+ 23. Ka1 Nc5 24. Rxd6 Nb3+ 25. Ka2 Nd4 26. Bxd4 Kxd6
27. Bxe5+ Ke6 28. Bc4+ Ke7 29. Bd6+ Kd7 30. Bxa3+ Kc7 31. Nd4 Ra5 32. f3 Bc6
33. Ne6+ Kc8 34. Nxg7 Bxf3 35. Rf1 Be4 36. Rxf6 Rd8 37. Kb3 Bd5 38. Bb4 Bxc4+
39. Kxc4 Ra1 40. Rf3 Rad1 41. Ne6 Re8 42. Nd4 Re4 43. Bc5 b5+ 44. Kd5 Re8 45.
Kc6 Ra1 46. Nxb5 Ra6+ 47. Kd5 Rd8+ 48. Nd6+ Kc7 49. g5 Rdxd6+ 50. Bxd6+ Rxd6+
51. Ke5 Rg6 52. h4 Kd8 53. Rf7 Ke8 54. Rxh7 1-0

[Event "L.Rudenko Memorial 2011"]
[Site "St. Petersburg"]
[Date "2011.08.26"]
[Round "4"]
[White "Azimova, Karina"]
[Black "Katyshkina, Anastasia"]
[Result "1/2-1/2"]
[WhiteElo "2067"]
[BlackElo "1936"]
[PlyCount "88"]
[EventDate "2011.08.23"]

1. e4 d5 2. exd5 Nf6 3. c4 c6 4. d4 cxd5 5. Nc3 Nc6 6. Bg5 dxc4 7. d5 Ne5 8.
Qd4 Nd3+ 9. Bxd3 cxd3 10. Nf3 h6 11. Bf4 g5 12. Be5 Bg7 13. O-O O-O 14. Qxd3
Nh5 15. Rfe1 Bxe5 16. Nxe5 Nf4 17. Qe4 e6 18. Rad1 exd5 19. Nxd5 Nxd5 20. Rxd5
Qf6 21. Nf3 Be6 22. Re5 Rac8 23. b3 Bd7 24. Qd4 Bf5 25. Qd5 Be6 26. Qe4 Bd7 27.
Qd4 Bf5 28. h4 g4 29. Qf4 gxf3 30. Qxf3 Qxh4 31. Qxf5 Rc6 32. R5e4 Qf6 33. Rg4+
Kh8 34. Qe4 Rfc8 35. Rf4 Qg7 36. Qf5 Rg8 37. g3 Rc3 38. Rf3 Rc7 39. Kg2 Qg5 40.
Qe4 Rd7 41. Rf5 Qg7 42. Qf4 Qg6 43. Qe5+ Kh7 44. Rf6 Qg5 1/2-1/2

[Event "L.Rudenko Memorial 2011"]
[Site "St. Petersburg"]
[Date "2011.08.26"]
[Round "4"]
[White "Korchagina, Viktoria"]
[Black "Tskhadadze, Anna"]
[Result "1/2-1/2"]
[WhiteElo "2109"]
[BlackElo "1761"]
[PlyCount "114"]
[EventDate "2011.08.23"]

1. e4 e5 2. Nf3 Nc6 3. Bb5 a6 4. Ba4 Nf6 5. O-O Nxe4 6. d4 b5 7. Bb3 d5 8. dxe5
Be6 9. c3 Bc5 10. Nbd2 Nxd2 11. Bxd2 O-O 12. Bc2 h6 13. Bf4 Bg4 14. Qd3 g6 15.
Bxh6 Re8 16. Bg5 Qd7 17. Nd4 Nxe5 18. Qg3 Bxd4 19. cxd4 Nc4 20. Bf6 Qd6 21. Qh4
Bh5 22. b3 Re6 23. Bg5 Na3 24. Bd3 Qb6 25. Be3 Rae8 26. g4 Rxe3 27. fxe3 Rxe3
28. gxh5 Rxd3 29. Qd8+ Kg7 30. Rxf7+ Kh6 31. Qh8+ Kg5 32. Qe5+ Kh6 33. Qf4+ g5
34. Rf6+ Kxh5 35. Rxb6 gxf4 36. Rc6 Rxd4 37. Rxc7 Rd2 38. Rf1 Rd4 39. Kf2 Kg4
40. Rg1+ Kf5 41. h4 Rd2+ 42. Kf3 Rd3+ 43. Kf2 Rh3 44. Rg5+ Ke4 45. Re7+ Kd4 46.
h5 Nb1 47. Rf5 Nc3 48. Kf1 Ne4 49. Kg2 Rg3+ 50. Kh2 Rg4 51. Re6 Ng5 52. Rg6
Nf3+ 53. Kh3 Rh4+ 54. Kg2 Ke4 55. Rgf6 Rh2+ 56. Kf1 Rh1+ 57. Kf2 Rh2+ 1/2-1/2

[Event "L.Rudenko Memorial 2011"]
[Site "St. Petersburg"]
[Date "2011.08.26"]
[Round "4"]
[White "Zakurdjaeva, Irina"]
[Black "Savrova, Lidia"]
[Result "1-0"]
[WhiteElo "2268"]
[BlackElo "1591"]
[PlyCount "81"]
[EventDate "2011.08.23"]

1. e4 c5 2. Nf3 Nc6 3. d4 cxd4 4. Nxd4 d6 5. c4 Nf6 6. Nc3 g6 7. Be2 Bg7 8. Be3
a6 9. O-O O-O 10. Rc1 Bd7 11. Kh1 Ne5 12. h3 Rc8 13. b3 Kh8 14. Qd2 Ng8 15. f4
Nc6 16. Bf3 Nxd4 17. Bxd4 e5 18. Be3 Bc6 19. f5 h6 20. Bg4 Ra8 21. Rcd1 h5 22.
Bf3 Qa5 23. g4 h4 24. Qf2 Nf6 25. Qxh4+ Kg8 26. g5 Ne8 27. Nd5 Bxd5 28. Rxd5
Qxa2 29. Bg4 Nc7 30. Bb6 Rfe8 31. Bxc7 Qxb3 32. fxg6 fxg6 33. c5 dxc5 34. Qf2
Kh8 35. Rd7 Rf8 36. Qh4+ Kg8 37. Rxg7+ Kxg7 38. Bxe5+ Rf6 39. Bxf6+ Kf8 40.
Qh8+ Qg8 41. Bd8+ 1-0

[Event "L.Rudenko Memorial 2011"]
[Site "St. Petersburg"]
[Date "2011.08.26"]
[Round "4"]
[White "Chernyak, Viktoria"]
[Black "Baraeva, Marina"]
[Result "0-1"]
[WhiteElo "1768"]
[BlackElo "2197"]
[PlyCount "182"]
[EventDate "2011.08.23"]

1. e4 e6 2. Nf3 d5 3. exd5 exd5 4. d4 Bd6 5. Bd3 Ne7 6. O-O O-O 7. Nbd2 Nbc6 8.
c3 Bf5 9. Qc2 Bxd3 10. Qxd3 Ng6 11. Nb3 Nf4 12. Bxf4 Bxf4 13. Qf5 Bd6 14. Nc1
Ne7 15. Qc2 Ng6 16. Nd3 c6 17. Rfe1 Qc7 18. Re2 Rae8 19. Rae1 Qc8 20. h3 Rxe2
21. Qxe2 Qf5 22. b3 b6 23. c4 h6 24. Nfe5 dxc4 25. bxc4 Nxe5 26. Nxe5 c5 27.
dxc5 Bxc5 28. Nc6 Qd7 29. Ne5 Qe6 30. Qc2 Bb4 31. Re3 Bc5 32. Re1 Rc8 33. Nd3
Qf5 34. Qc3 Rd8 35. Nxc5 Qxc5 36. Qb3 Rd2 37. Rf1 Qa5 38. a3 Qc5 39. Qa4 Qe7
40. Qb3 Qd7 41. Qb4 Rd4 42. Qb3 Rd3 43. Qb4 Qc6 44. Rc1 Qg6 45. Qe7 Rxh3 46.
Qxa7 Rh4 47. Qa8+ Kh7 48. Qd5 Rh5 49. Qf3 Qg5 50. Re1 Qg6 51. Qe4 f5 52. Qf4
Rg5 53. Qf3 Qd6 54. Rd1 Qc5 55. Rd5 Qc8 56. Qd3 Qe6 57. Rd6 Qe1+ 58. Qf1 Qe5
59. Rd3 Rg4 60. Rf3 Re4 61. Re3 Rxe3 62. fxe3 Qxe3+ 63. Qf2 Qc1+ 64. Kh2 Qb1
65. c5 bxc5 66. Qxc5 f4 67. Qe5 f3 68. gxf3 Qa2+ 69. Kg3 Qxa3 70. Qf5+ Kg8 71.
Qd5+ Kh8 72. Qe6 Qf8 73. Qe5 Qf7 74. Kf2 Kh7 75. f4 Qg6 76. Kf3 h5 77. f5 Qg4+
78. Kf2 Qg5 79. Qe4 Kh6 80. Kf3 Qf6 81. Qf4+ Qg5 82. Qe4 h4 83. Qg4 Qh5 84. Kf4
h3 85. Qg1 h2 86. Qh1 Qg5+ 87. Ke5 Qg1 88. Qc6+ Kh7 89. Qc2 Qg3+ 90. Ke6 h1=Q
91. f6+ Qg6 0-1